000 00585nam a22002177a 4500
003 UA-OsUOA
001 98707
007 ta
008 20130416b un ||||| |||| 00| 0 ukr d
090 _a821.161.1
_bР82
942 _cBK
040 _aUA-OsUOA
_brus
_cUA-OsUOA
_dUA-OsUOA
245 _aРусский фельетон
_cсост. А. Западов
300 _a455 с.
955 _a3
041 _arus
080 _a821.161.1
260 _aМ.
_bПолитиздат
_c1958
650 7 _a82 Література. Літературознавство
_2UDC
999 _c384560
_d384560